AggRegain (Record no. 120279)

MARC details
000 -LEADER
fixed length control field 00841cam a2200205 4500
001 - CONTROL NUMBER
control field WS122027
008 - FIXED-LENGTH DATA ELEMENTS--GENERAL INFORMATION
fixed length control field 030416n 000 0 eng u
035 ## - SYSTEM CONTROL NUMBER
System control number (Sirsi) u122027
110 ## - MAIN ENTRY--CORPORATE NAME
Corporate name or jurisdiction name as entry element Waste and Resources Action Programme
9 (RLIN) 4405
245 ## - TITLE STATEMENT
Title AggRegain
520 ## - SUMMARY, ETC.
Summary, etc. Web site and help line designed to offer advice specifying, purchasing and supplying recycled or secondary aggregates. Includes more than 50 detailed case studies, technical notes and a directory of recycled and secondary aggregate products.
650 ## - SUBJECT ADDED ENTRY--TOPICAL TERM
Topical term or geographic name entry element RECYLED MATERIALS
650 ## - SUBJECT ADDED ENTRY--TOPICAL TERM
Topical term or geographic name entry element AGGREGATES
650 ## - SUBJECT ADDED ENTRY--TOPICAL TERM
Topical term or geographic name entry element SECONDARY AGGREGATES
650 ## - SUBJECT ADDED ENTRY--TOPICAL TERM
Topical term or geographic name entry element CASE STUDIES
650 ## - SUBJECT ADDED ENTRY--TOPICAL TERM
Topical term or geographic name entry element WASTE MANAGEMENT
690 ## - LOCAL SUBJECT ADDED ENTRY--TOPICAL TERM (OCLC, RLIN)
Topical term or geographic name as entry element BUILT ENVIRONMENT-BUILDING MATERIALS
856 40 - ELECTRONIC LOCATION AND ACCESS
Uniform Resource Identifier <a href="https://www.aggregates.org.uk">https://www.aggregates.org.uk</a>
Public note View the website free of charge at www.aggregrates.org.uk...
942 ## - ADDED ENTRY ELEMENTS (KOHA)
Suppress in OPAC 0
Holdings
Withdrawn status Lost status Source of classification or shelving scheme Damaged status Not for loan Home library Current library Shelving location Date acquired Total Checkouts Full call number Barcode Date last seen Copy number Price effective from Koha item type
    Dewey Decimal Classification     Virtual Virtual Online 16/04/2003   WEB SITE 122027-1001 06/08/2019 1 06/08/2019 Online material